India and China : A Study of Cultural Relations (Record no. 64051)
[ view plain ]
| 000 -LEADER | |
|---|---|
| fixed length control field | 00274nam a22001097a 4500 |
| 082 ## - DEWEY DECIMAL CLASSIFICATION NUMBER | |
| Classification number | 327 |
| 100 ## - MAIN ENTRY--AUTHOR NAME | |
| Personal name | Panikkar K M |
| 245 ## - TITLE STATEMENT | |
| Title | India and China : A Study of Cultural Relations |
| 260 ## - PUBLICATION, DISTRIBUTION, ETC. (IMPRINT) | |
| Place of publication | Delhi |
| Name of publisher | L G Pub |
| Year of publication | 2016 |
| 650 ## - SUBJECT ADDED ENTRY--TOPICAL TERM | |
| Topical Term | internal Relation |
| 942 ## - ADDED ENTRY ELEMENTS (KOHA) | |
| Koha item type | Books |
| Withdrawn status | Lost status | Damaged status | Not for loan | Home library | Current library | Date acquired | Cost, normal purchase price | Full call number | Accession Number | Price effective from | Koha item type |
|---|---|---|---|---|---|---|---|---|---|---|---|
| MACL | MACL | 24/12/2020 | 395.00 | 327 | CRE036560 | 24/12/2020 | Books |









